| 000 | 01658nam a2200229Ia 4500 | ||
|---|---|---|---|
| 003 | Ost | ||
| 005 | 20260507074923.0 | ||
| 008 | 260507s9999||||xx |||||||||||||| ||und|| | ||
| 040 | _cfsecg | ||
| 041 | _aara | ||
| 082 | _a658.05 | ||
| 100 |
_aأحمد، محمد سمير _eمؤلف |
||
| 245 | 0 |
_aالإدارة الإلكترونية / _c محمد سمير أحمد |
|
| 260 |
_aعمان: _bدار المسيرة, _c2009 |
||
| 300 |
_a311 صفحة؛ _bإيضاحات ؛ _c24 سم |
||
| 504 | _aبيبليوغرافيا في نهاية كل فصل | ||
| 520 | _aاساسيات الادارة الغير الكترونية، المدخل للادارة الالكترونية، خطوات ادخال الادارة الالكترونية، الحكومة الالكترونية وعلاقتها بالادارة الالكترونية، المنظمة الرقمية مفهومها وخصائصها، الادارة الالكترونية ونظم دعم القرارات الادارية، الادارية الالكترونية ونظم دعم القرار الذكي، الادارة الالكترونية ونظم دعم العمليات الادارية، الادارة الالكترونية ونظم المعلومات، شبكات الادارة الالكترونية، وظائف الادارة الالكترونية، امن الادارة الالكترونية، تجارب الالدارة الالكترونية في بعض الدول العربية والعالم | ||
| 653 | _aادارة الأعمال | ||
| 653 | _aالحواسيب | ||
| 653 | _aنظم المعلومات- المؤسسة الممتدة | ||
| 942 | _cكتاب | ||
| 999 |
_c41812 _d41812 |
||